000 02132nab a22002897a 4500
999 _c5562
_d5562
003 OSt
005 20251218091028.0
008 190429b xxu||||| |||| 00| 0 spa d
040 _cPJ
100 _96540
_aChaia, Rubén A.
245 1 0 _a"Por tus fotos te reconocerán". ¿Es válida la identificación del sospechado a partir de fotos de Facebook? /
_cRubén A. Chaia.
260 _cCiudad Autónoma de Buenos Aires :
_aThomson Reuters La Ley,
_b2025.
300 _ap. 157-170
500 _aCita: TR LALEY AR/DOC/397/2025.
505 _aSumario: I. Las herramientas digitales como fuente de investigaciones privadas.— II. El sistema penal ante el reclamo de mayor protagonismo y mejores resultados.— III. Identificación a través de fotos publicadas en Redes Sociales.— IV. Redes sociales. Pesquisas en cuentas públicas.— V. Redes sociales. Pesquisas en cuentas privadas.— VI. Identificación en línea y rueda de personas.— VII. Identificación en línea y reconocimiento por imágenes.— VIII. Rastros digitales obtenidos de Facebook, Instagram y Twitter.— IX. ¿Utilizar fotos de la historia o muro puede afectar la privacidad?— X. ¿Utilizar fotos del muro puede violentar el principio de no autoincriminación?— XI. ¿Existen límites a la búsqueda en relación con la víctima?— XII. Identificación a partir de fotos y videos enviados por WhatsApp.— XIII. Reconocimiento de efectos mediante publicaciones en redes sociales.— XIV. Análisis de casos.— XV. Diez reflexiones finales.
505 _tSi te interesa el texto completo, solicitalo a koha@justierradelfuego.gov.ar
650 0 _9343
_aDERECHO PENAL
650 0 _96081
_aCIENCIA Y TECNOLOGÍA
650 0 _9281
_aINTERNET
650 0 _93404
_aMEDIOS DE PRUEBA ELECTRÓNICOS
650 0 _93406
_aEVIDENCIA DIGITAL
650 0 _92724
_aDERECHO A LA INTIMIDAD
650 0 _94109
_aREDES SOCIALES
650 0 _95558
_aPUBLICACIÓN DE FOTOGRAFÍA
773 0 _02658
_93164
_tRevista de derecho penal y criminología. Nº 3 - Abril 2025
_dCiudad Autónoma de Buenos Aires : Thomson Reuters La Ley, 2017-
_x00347914
942 _2udc
_cANA